|
|
|
|
| LEADER |
00758nab#a2200289#ar4500 |
| 001 |
000023639 |
| 003 |
SVKKK |
| 005 |
00000000000000.0 |
| 008 |
c xo e sloo |
| FMT |
|
|
|
| 038 |
|
|
|a SVKKK
|
| 040 |
|
|
|a SVKKK
|b slo
|e AACR2
|
| 041 |
0 |
|
|a slo
|
| 044 |
|
|
|a xo
|c SK
|
| 080 |
|
|
|a 371.212.
|2 1981
|
| 080 |
|
|
|a 378.
|2 1981
|
| 245 |
0 |
0 |
|a Mikrointerwiev s Evou Slavkovskou, poslankyňou NR SR
|c Slavkovská Eva,
|
| 650 |
0 |
4 |
|a skúšky prijímacie
|z Lekárska fakulta Univerzity Komenského, Bratislava
|x rozhovory
|
| 700 |
1 |
|
|a Slavkovská, Eva
|4 aut
|
| 773 |
0 |
|
|t Nový deň
|g (2002), dát. 0525, s. 3
|
| 957 |
|
|
|a Bratislava
|
| 958 |
|
|
|a PED
|
| 974 |
|
|
|d 020822
|a Fav
|
| 992 |
|
|
|a RBX
|
| BAS |
|
|
|
| 852 |
|
|
|a SVKKK
|b BIB
|
| 998 |
|
|
|a ROM
|